13 REASONS WHY (Record no. 5999)

MARC details
000 -LEADER
fixed length control field 00183nam a22000977a 4500
020 ## - INTERNATIONAL STANDARD BOOK NUMBER
ISBN 9780141387772
082 ## - DEWEY DECIMAL CLASSIFICATION NUMBER
Classification number 800.86
100 ## - MAIN ENTRY--AUTHOR NAME
Personal name ASHER, JAY
245 ## - TITLE STATEMENT
Title 13 REASONS WHY
942 ## - ADDED ENTRY ELEMENTS (KOHA)
Koha item type Books
Holdings
Home library Current library Shelving location Date acquired Cost, normal purchase price Full call number Accession Number Koha item type
Beautiful Minds Library Beautiful Minds Library General Stacks 07/01/2021 399.00 800.86 ASH E2572 Books
analytics